|
|
|
|
| LEADER |
00856nam a2200277Ia 4500 |
| 008 |
141004s9999 xx 000 0 und d |
| 020 |
|
|
|a 81 8189 087 6
|
| 040 |
|
|
|c a
|
| 041 |
|
|
|a English
|
| 082 |
|
|
|a 712
|
| 082 |
|
|
|b BIO/IN
|
| 100 |
|
|
|a Ronald J Biondo
|
| 245 |
|
|
|a Introduction to landscaping: Design, construction and maintenance
|
| 245 |
|
|
|c Ronald J Biondo
|
| 250 |
|
|
|a 3
|
| 260 |
|
|
|a Lucknow
|
| 260 |
|
|
|b International book distributors
|
| 260 |
|
|
|c 2003
|
| 300 |
|
|
|a 450 p.
|
| 300 |
|
|
|b 26 cm
|
| 365 |
|
|
|a Rs.1495
|
| 501 |
|
|
|a 4A4,5 & 4B1
|
| 650 |
|
|
|a Landscaping
|
| 942 |
|
|
|c BK
|
| 999 |
|
|
|c 173850
|d 173850
|
| 952 |
|
|
|0 0
|1 0
|4 0
|6 712_000000000000000_BIO_IN
|7 0
|9 178875
|a KAUCOF
|b KAUCOF
|g 1495.00
|l 3
|m 2
|o 712 BIO/IN
|p KAU_COF-4491
|r 2017-04-22
|s 2017-02-16
|w 2014-10-04
|y BK
|